[Event "Xtracon GM"]
[Site "Borup"]
[Date "2010.09.10"]
[Round "6"]
[White "Jorgensen, Orla Eilegaard"]
[Black "Christensen, John"]
[Result "0-1"]
[WhiteElo "1680"]
[BlackElo "2106"]
[PlyCount "84"]
[EventDate "2010.09.03"]
[EventType "swiss"]
[EventRounds "9"]
[EventCountry "DEN"]
[Source "ChessBase"]
[SourceDate "2010.10.29"]

1. f4 d5 2. Nf3 Nf6 3. e3 g6 4. Nc3 Bg7 5. g3 c6 6. Bg2 Bg4 7. O-O Qc8 8. d4
Ne4 9. Qe2 h5 10. Qe1 Nd6 11. Ne5 Bf5 12. Qe2 f6 13. Nf3 Bg4 14. Qe1 Na6 15. a3
Qe6 16. Nh4 g5 17. fxg5 fxg5 18. Nf3 Bf6 19. Nb1 h4 20. Nbd2 Bf5 21. e4 hxg3
22. hxg3 Nxe4 23. Nxe4 dxe4 24. Nxg5 Bxg5 25. Bxg5 O-O-O 26. Qf2 Bh3 27. Rae1
Bxg2 28. Qxg2 Rxd4 29. Be3 Rd5 30. Bxa7 Rdh5 31. Bd4 Rg8 32. Rxe4 Qd6 33. Rf3
e5 34. Bc3 Rgh8 35. Rfe3 Qh6 36. Qf3 Rh1+ 37. Kf2 Rf8 38. Rf4 Qh2+ 39. Qg2 exf4
40. gxf4 Rxf4+ 41. Rf3 Rxf3+ 42. Kxf3 Qxg2+ 0-1

[Event "Xtracon GM"]
[Site "Borup"]
[Date "2010.09.10"]
[Round "6"]
[White "Krogh, Peter Ove"]
[Black "Christensen, Henrik"]
[Result "1-0"]
[WhiteElo "1922"]
[BlackElo "2014"]
[PlyCount "162"]
[EventDate "2010.09.03"]
[EventType "swiss"]
[EventRounds "9"]
[EventCountry "DEN"]
[Source "ChessBase"]
[SourceDate "2010.10.29"]

1. c4 Nf6 2. Nc3 e6 3. e4 d5 4. e5 Nfd7 5. d4 dxc4 6. Nf3 Nb6 7. Qc2 Nc6 8. Be3
Nb4 9. Qb1 N4d5 10. Be2 c6 11. O-O Be7 12. Ne4 Bd7 13. Qc1 Qc7 14. Bg5 f6 15.
Bh4 O-O 16. exf6 gxf6 17. Bg3 Qd8 18. Bxc4 f5 19. Nc5 f4 20. Nxd7 Nxc4 21. Nxf8
Qxf8 22. Qxc4 fxg3 23. hxg3 Qf6 24. Rae1 Bd6 25. Qe2 Re8 26. Qe4 Kg7 27. Qg4+
Qg6 28. Qxg6+ hxg6 29. a3 Kf6 30. Re2 Re7 31. Rfe1 Bc7 32. Ne5 Ba5 33. Rd1 Bb6
34. Rd3 Bc7 35. Rf3+ Kg7 36. Nd3 Bd6 37. Nc5 e5 38. b4 Bxc5 39. dxc5 e4 40. Rb3
Kf6 41. Kf1 Ke5 42. f3 Kd4 43. Rxe4+ Rxe4 44. fxe4 Kxe4 45. Ke2 Kd4 46. Kd2 g5
47. Rf3 b6 48. cxb6 axb6 49. Rf5 Ne3 50. Rxg5 Nc4+ 51. Kc2 Nxa3+ 52. Kb3 Nb1
53. Rg6 Kd5 54. Rg8 Nd2+ 55. Kc2 Ne4 56. g4 c5 57. bxc5 bxc5 58. Kd3 Nf6 59.
Rg5+ Ke6 60. Kc4 Ne4 61. Rh5 Kf6 62. Rf5+ Ke6 63. Rf3 Ke5 64. Kd3 Nd6 65. Kc3
c4 66. g3 Ne4+ 67. Kc2 Ke6 68. Ra3 Kf6 69. Re3 Nd6 70. Rf3+ Ke5 71. g5 Nf5 72.
Kc3 Ke4 73. g4 Nd6 74. Rf1 Ke5 75. g6 Ne4+ 76. Kc2 Nf6 77. g5 Nh5 78. Kc3 Ke6
79. Kxc4 Ng7 80. Rf6+ Ke5 81. Rf7 Ne8 1-0

[Event "Xtracon GM"]
[Site "Borup"]
[Date "2010.09.10"]
[Round "6"]
[White "Kulaots, Kaido"]
[Black "Drozdovskij, Yuri"]
[Result "1/2-1/2"]
[WhiteElo "2592"]
[BlackElo "2608"]
[PlyCount "44"]
[EventDate "2010.09.03"]
[EventType "swiss"]
[EventRounds "9"]
[EventCountry "DEN"]
[Source "ChessBase"]
[SourceDate "2010.10.29"]

1. e4 c6 2. d4 d5 3. Nc3 dxe4 4. Nxe4 Nd7 5. Ng5 Ngf6 6. Bd3 e6 7. N1f3 Bd6 8.
Qe2 h6 9. Ne4 Nxe4 10. Qxe4 Qc7 11. O-O b6 12. Qg4 Kf8 13. Be3 Bb7 14. Rad1 Rd8
15. Qh4 Nf6 16. c4 c5 17. Be2 Ke7 18. Qh3 Be4 19. g3 Bf5 20. Qg2 Be4 21. Qh3
Bf5 22. Qg2 Be4 1/2-1/2

[Event "Xtracon GM"]
[Site "Borup"]
[Date "2010.09.10"]
[Round "6"]
[White "Larsen, Bo Heine"]
[Black "Andersen, Niels Erik"]
[Result "1/2-1/2"]
[WhiteElo "1804"]
[BlackElo "1955"]
[PlyCount "85"]
[EventDate "2010.09.03"]
[EventType "swiss"]
[EventRounds "9"]
[EventCountry "DEN"]
[Source "ChessBase"]
[SourceDate "2010.10.29"]

1. e4 c5 2. c3 e6 3. Nf3 Nc6 4. Bb5 a6 5. Be2 b5 6. d4 d6 7. dxc5 dxc5 8. Bf4
Bb7 9. Nbd2 Qf6 10. Bg3 e5 11. a4 c4 12. O-O Bd6 13. axb5 axb5 14. Rxa8+ Bxa8
15. b3 Nge7 16. bxc4 bxc4 17. Nxc4 Bc7 18. Ne3 O-O 19. Qd7 Bd6 20. Bh4 Qg6 21.
Qg4 Bc5 22. Nd2 Nd8 23. Nec4 Qxg4 24. Bxg4 Ng6 25. Bg3 f6 26. Re1 Re8 27. Nb3
Bf8 28. f3 Ne6 29. Bf2 Ngf4 30. Be3 Rd8 31. g3 h5 32. Bxe6+ Nxe6 33. Rc1 g5 34.
Kf2 Kf7 35. Nb6 Bc6 36. c4 g4 37. Nd5 gxf3 38. h4 Rb8 39. Na5 Rb2+ 40. Kxf3 Bd7
41. Bf2 Nc5 42. Ne3 Nd3 43. Rc2 1/2-1/2

[Event "Xtracon GM"]
[Site "Borup"]
[Date "2010.09.10"]
[Round "6"]
[White "Larsen, Thomas Gjerken"]
[Black "Pedersen, Hans Dahl"]
[Result "1/2-1/2"]
[WhiteElo "2076"]
[BlackElo "2206"]
[PlyCount "67"]
[EventDate "2010.09.03"]
[EventType "swiss"]
[EventRounds "9"]
[EventCountry "DEN"]
[Source "ChessBase"]
[SourceDate "2010.10.29"]

1. e4 c5 2. Nf3 e6 3. d4 cxd4 4. Nxd4 a6 5. Nc3 Qc7 6. Be2 Bb4 7. O-O Nf6 8.
Bf3 Nc6 9. Nxc6 dxc6 10. Be3 Bxc3 11. bxc3 O-O 12. Qd4 e5 13. Qb6 Qxb6 14. Bxb6
Be6 15. Rfd1 Rac8 16. Bc5 Rfd8 17. Bd6 Nd7 18. a4 f6 19. a5 Nb8 20. Bc5 Rxd1+
21. Rxd1 Nd7 22. Be3 Kf7 23. Be2 Rc7 24. g3 c5 25. f4 g6 26. c4 b6 27. fxe5
fxe5 28. Rf1+ Ke8 29. Ra1 Rb7 30. Rb1 Kd8 31. axb6 Rxb6 32. Rxb6 Nxb6 33. Bxc5
Nxc4 34. Bxc4 1/2-1/2

[Event "Xtracon GM"]
[Site "Borup"]
[Date "2010.09.10"]
[Round "6"]
[White "Mathiesen, Erik"]
[Black "Larsson, Johan"]
[Result "1-0"]
[WhiteElo "2040"]
[BlackElo "2130"]
[PlyCount "129"]
[EventDate "2010.09.03"]
[EventType "swiss"]
[EventRounds "9"]
[EventCountry "DEN"]
[Source "ChessBase"]
[SourceDate "2010.10.29"]

1. e4 e5 2. Nf3 Nc6 3. Bc4 f6 4. Nc3 a6 5. a3 b5 6. Ba2 Bb7 7. d3 Qe7 8. Nd5
Qd8 9. Be3 Nge7 10. Nh4 h5 11. Qf3 Nd4 12. Bxd4 Nxd5 13. Be3 Nxe3 14. fxe3 c6
15. Ng6 Rh6 16. Qg3 d5 17. exd5 cxd5 18. O-O Qd6 19. Nxf8 Qxf8 20. d4 e4 21. b3
g5 22. Qc7 Qe7 23. Qxe7+ Kxe7 24. c4 bxc4 25. bxc4 dxc4 26. Bxc4 Rc8 27. Rab1
Rxc4 28. Rxb7+ Kf8 29. Rf5 Rc1+ 30. Kf2 Rc2+ 31. Ke1 Rc8 32. Kd2 Kg8 33. d5 Rc5
34. Rb4 Kf7 35. Rd4 Kg6 36. Rf1 Rh7 37. Rxe4 Rxd5+ 38. Rd4 Rhd7 39. Kd3 f5 40.
Rc1 Rxd4+ 41. exd4 Rd6 42. Rc5 Kf6 43. Kc4 g4 44. Re5 h4 45. Kc5 Rd8 46. Re1 f4
47. d5 Kf5 48. d6 f3 49. gxf3 gxf3 50. Kc6 f2 51. Rf1 Ke6 52. Rxf2 Rxd6+ 53.
Kc5 Rd5+ 54. Kc4 Rg5 55. Rf4 Rh5 56. Rg4 Kf5 57. h3 Rg5 58. Rxh4 Rg3 59. Kb4
Kg5 60. Rg4+ Rxg4+ 61. hxg4 Kxg4 62. Ka5 Kf5 63. Kxa6 Ke6 64. a4 Kd7 65. Kb7
1-0

[Event "Xtracon GM"]
[Site "Borup"]
[Date "2010.09.10"]
[Round "6"]
[White "Pedersen, Henrik Dahl"]
[Black "Sulskis, Sarunas"]
[Result "0-1"]
[WhiteElo "2235"]
[BlackElo "2544"]
[PlyCount "68"]
[EventDate "2010.09.03"]
[EventType "swiss"]
[EventRounds "9"]
[EventCountry "DEN"]
[Source "ChessBase"]
[SourceDate "2010.10.29"]

1. d4 Nf6 2. Nf3 c5 3. e3 g6 4. Bd3 Bg7 5. O-O O-O 6. c4 d5 7. Nc3 cxd4 8. exd4
Nc6 9. Be3 Bg4 10. Rc1 Rc8 11. h3 Bxf3 12. Qxf3 dxc4 13. Bxc4 Nxd4 14. Bxd4
Qxd4 15. Bb3 Qb4 16. Rfe1 e6 17. Rcd1 Rfd8 18. Rxd8+ Rxd8 19. Rd1 Rxd1+ 20.
Qxd1 Bf8 21. Qe2 Bc5 22. Kf1 Bd4 23. Nb5 Ne4 24. Qxe4 Qxb5+ 25. Kg1 Bxb2 26. g3
Kg7 27. Qc2 Bd4 28. Qd2 Qe5 29. Kf1 b5 30. Qd3 a5 31. Bd1 a4 32. Be2 b4 33. Bd1
b3 34. axb3 a3 0-1

[Event "Xtracon GM"]
[Site "Borup"]
[Date "2010.09.10"]
[Round "6"]
[White "Rostgaard, Tobias Valentin"]
[Black "Teplyi, Igor"]
[Result "0-1"]
[WhiteElo "2114"]
[BlackElo "2408"]
[PlyCount "86"]
[EventDate "2010.09.03"]
[EventType "swiss"]
[EventRounds "9"]
[EventCountry "DEN"]
[Source "ChessBase"]
[SourceDate "2010.10.29"]

1. d4 Nf6 2. c4 g6 3. Nf3 Bg7 4. g3 O-O 5. Bg2 d5 6. O-O dxc4 7. Qa4 Nc6 8.
Qxc4 Be6 9. Qa4 Nd5 10. Qd1 Nb6 11. e3 Qd7 12. Nc3 Rad8 13. Ne4 Bc4 14. Re1 e5
15. b3 Be6 16. Ba3 Rfe8 17. dxe5 Nxe5 18. Nxe5 Bxe5 19. Qxd7 Nxd7 20. Rac1 Bd5
21. f4 Nf6 22. Nc5 Bxg2 23. fxe5 Ng4 24. Kxg2 Rd2+ 25. Kg1 Nxe5 26. Rf1 Rxa2
27. Bb4 f5 28. Bc3 Ng4 29. Bd4 b6 30. Nd3 c5 31. Ba1 Rxe3 32. Nf2 Ree2 33. Nxg4
Rg2+ 34. Kh1 fxg4 35. Rf4 Rxh2+ 36. Kg1 Rag2+ 37. Kf1 Rxg3 38. Re1 Rh1+ 39. Kf2
Rxe1 40. Kxe1 Rg1+ 41. Rf1 Rxf1+ 42. Kxf1 Kf7 43. Kf2 Ke6 0-1

[Event "Xtracon GM"]
[Site "Borup"]
[Date "2010.09.10"]
[Round "6"]
[White "Schandorff, Lars"]
[Black "Zdebskaja, Natalia"]
[Result "1-0"]
[WhiteElo "2492"]
[BlackElo "2357"]
[PlyCount "97"]
[EventDate "2010.09.03"]
[EventType "swiss"]
[EventRounds "9"]
[EventCountry "DEN"]
[Source "ChessBase"]
[SourceDate "2010.10.29"]

1. d4 Nf6 2. c4 e6 3. g3 d5 4. Nf3 dxc4 5. Bg2 c5 6. O-O Nc6 7. dxc5 Qxd1 8.
Rxd1 Bxc5 9. Nbd2 c3 10. bxc3 O-O 11. Nb3 Be7 12. Nfd4 Bd7 13. Nxc6 Bxc6 14.
Bxc6 bxc6 15. c4 a5 16. f3 a4 17. Nd4 Bc5 18. Kf1 Rfd8 19. Bb2 Rd6 20. Nc2 Rad8
21. Rxd6 Rxd6 22. Ne1 Nd7 23. Nd3 a3 24. Bc3 Bd4 25. Rc1 c5 26. Ke1 Be3 27. Bd2
Bd4 28. Kd1 Kf8 29. Kc2 Rb6 30. Ba5 Ra6 31. Bc3 Bxc3 32. Kxc3 Ke7 33. Rb1 Kd6
34. f4 f6 35. e4 Kc6 36. e5 fxe5 37. fxe5 Nb6 38. Rf1 Ra4 39. Rf4 g5 40. Re4
Ra8 41. h4 h6 42. hxg5 hxg5 43. Rg4 Rd8 44. Rxg5 Rd4 45. Nb4+ Kd7 46. Rg7+ Kc8
47. Na6 Rxc4+ 48. Kb3 Re4 49. Rg8+ 1-0

[Event "Xtracon GM"]
[Site "Borup"]
[Date "2010.09.10"]
[Round "6"]
[White "Semcesen, Daniel"]
[Black "Tikkanen, Hans"]
[Result "0-1"]
[WhiteElo "2416"]
[BlackElo "2507"]
[PlyCount "114"]
[EventDate "2010.09.03"]
[EventType "swiss"]
[EventRounds "9"]
[EventCountry "DEN"]
[Source "ChessBase"]
[SourceDate "2010.10.29"]

1. c4 e5 2. Nc3 Nc6 3. Nf3 f5 4. d4 e4 5. Ng5 Bb4 6. Nh3 Nf6 7. e3 Bxc3+ 8.
bxc3 d6 9. Nf4 b6 10. c5 dxc5 11. Bb5 Bd7 12. Ne6 Bxe6 13. Bxc6+ Kf7 14. Bxa8
Qxa8 15. O-O c4 16. Bd2 h5 17. f3 h4 18. h3 g5 19. Rb1 Bd5 20. f4 g4 21. Kh2
Qe8 22. Be1 a5 23. Rb2 Qe7 24. Qa4 Ke6 25. Qd1 Kd7 26. Rb5 Kc8 27. Rg1 Qa3 28.
Qc2 Kb7 29. Bd2 Ka6 30. Rc5 bxc5 31. Bc1 g3+ 32. Kh1 Ng4 33. Re1 Nf2+ 34. Kg1
Nd3 35. Bxa3 Nxe1 36. Qb1 Nd3 37. dxc5 Bc6 38. Qc2 Rb8 39. Kf1 Be8 40. c6 Bh5
41. Bc1 Rb5 42. Ba3 Ka7 43. Bc1 Kb6 44. Ba3 Kxc6 45. Qa4 Kb6 46. Qc2 c6 47. Bc1
c5 48. Ba3 a4 49. Bc1 Nxc1 50. Qxc1 a3 51. Ke1 Rb2 52. Kf1 Be2+ 53. Ke1 Bd3 54.
Qa1 Rxg2 55. Kd1 Rb2 56. Ke1 g2 57. Kd1 g1=Q# 0-1

[Event "Xtracon GM"]
[Site "Borup"]
[Date "2010.09.10"]
[Round "6"]
[White "Skovle, Lars"]
[Black "Hansen, Jakob"]
[Result "1-0"]
[WhiteElo "1705"]
[BlackElo "1999"]
[PlyCount "89"]
[EventDate "2010.09.03"]
[EventType "swiss"]
[EventRounds "9"]
[EventCountry "DEN"]
[Source "ChessBase"]
[SourceDate "2010.10.29"]

1. f4 e5 2. fxe5 d6 3. Nf3 Bf5 4. d3 Be7 5. e4 Bg4 6. Bf4 dxe5 7. Bxe5 Nf6 8.
Be2 Nbd7 9. Bc3 O-O 10. O-O c6 11. Nbd2 b5 12. a3 a5 13. Qe1 b4 14. axb4 axb4
15. Rxa8 Qxa8 16. Bd4 c5 17. Be3 Be6 18. Qg3 Qa2 19. Rb1 Ng4 20. Bf4 Qa7 21.
Kh1 c4 22. h3 Nf2+ 23. Kh2 cxd3 24. cxd3 Kh8 25. Ng5 Bc5 26. Rc1 Bb6 27. b3 Nf6
28. Nc4 Bxc4 29. dxc4 N2xe4 30. Nxe4 Nxe4 31. Qh4 g5 32. Bxg5 Nxg5 33. Qxg5
Bc7+ 34. Kh1 f6 35. Qf5 Qe3 36. Qc2 Re8 37. Bf1 Bg3 38. Rd1 Qe7 39. Qd3 Be5 40.
Qd7 Qf8 41. Bd3 Qg8 42. Bxh7 Qf8 43. Bg6 Re7 44. Qb5 Bc3 45. Qh5+ 1-0

[Event "Xtracon GM"]
[Site "Borup"]
[Date "2010.09.10"]
[Round "6"]
[White "Smith, Axel"]
[Black "Hillarp Persson, Tiger"]
[Result "1-0"]
[WhiteElo "2445"]
[BlackElo "2517"]
[PlyCount "113"]
[EventDate "2010.09.03"]
[EventType "swiss"]
[EventRounds "9"]
[EventCountry "DEN"]
[Source "ChessBase"]
[SourceDate "2010.10.29"]

1. d4 d6 2. e4 Nf6 3. Nc3 g6 4. f4 Bg7 5. Nf3 c5 6. Bb5+ Bd7 7. e5 Ng4 8. e6
Bxb5 9. exf7+ Kd7 10. Nxb5 Qa5+ 11. Nc3 cxd4 12. Nxd4 h5 13. h3 Nh6 14. Be3 Nc6
15. Qd2 Rac8 16. Nb3 Bxc3 17. bxc3 Qf5 18. Rb1 b6 19. c4 Qxf7 20. c5 bxc5 21.
Nxc5+ Ke8 22. Nb3 Qc4 23. Kf2 Nf5 24. Rhe1 Kf7 25. Kg1 h4 26. Bf2 Rb8 27. Re2
a5 28. Rbe1 a4 29. Re4 Qb5 30. c4 Qb7 31. Qd5+ Kf8 32. Nd2 Nd8 33. Qd3 Rh5 34.
Nf3 Nc6 35. Qd5 Nd8 36. Qd1 Qd7 37. Ne5 Qe8 38. Ng4 Qd7 39. c5 Nc6 40. Qxa4
dxc5 41. Bxc5 Nd6 42. Rxe7 Qxe7 43. Rxe7 Rb1+ 44. Kh2 Rxc5 45. Rc7 Rcc1 46. Nf2
Ne7 47. Rxc1 Rxc1 48. Qa3 Rc6 49. Ng4 Ndf5 50. Ne3 Nxe3 51. Qxe3 Nf5 52. Qd2
Ke7 53. a4 Rd6 54. Qb4 Kd7 55. Qb7+ Ke6 56. a5 Ng3 57. a6 1-0

[Event "Xtracon GM"]
[Site "Borup"]
[Date "2010.09.10"]
[Round "6"]
[White "Sorensen, Dick"]
[Black "Molvig, Henrik"]
[Result "0-1"]
[WhiteElo "1966"]
[BlackElo "2174"]
[PlyCount "56"]
[EventDate "2010.09.03"]
[EventType "swiss"]
[EventRounds "9"]
[EventCountry "DEN"]
[Source "ChessBase"]
[SourceDate "2010.10.29"]

1. c4 Nf6 2. Nc3 g6 3. g3 Bg7 4. Bg2 O-O 5. Nf3 d6 6. d4 Nbd7 7. e4 c6 8. O-O
e5 9. h3 Qb6 10. d5 Nc5 11. Nh4 cxd5 12. cxd5 a5 13. Rb1 Bd7 14. Be3 Rfc8 15.
Kh2 Qd8 16. f4 b5 17. fxe5 dxe5 18. Rc1 b4 19. Bxc5 Rxc5 20. Ne2 Rac8 21. Qd2
Bb5 22. Rxc5 Rxc5 23. Rc1 Qc7 24. Rxc5 Qxc5 25. Qc1 Qf2 26. Qc8+ Bf8 27. Nf3
Bxe2 28. Nxe5 Bf1 0-1

[Event "Xtracon GM"]
[Site "Borup"]
[Date "2010.09.10"]
[Round "6"]
[White "Strange, Mikkel"]
[Black "Frisk, Ellinor"]
[Result "1/2-1/2"]
[WhiteElo "2305"]
[BlackElo "2113"]
[PlyCount "141"]
[EventDate "2010.09.03"]
[EventType "swiss"]
[EventRounds "9"]
[EventCountry "DEN"]
[Source "ChessBase"]
[SourceDate "2010.10.29"]

1. e4 e6 2. d4 d5 3. Nc3 Nf6 4. e5 Nfd7 5. f4 c5 6. Nf3 a6 7. Be3 Qb6 8. a3 Qa7
9. Qd2 Nc6 10. Qf2 cxd4 11. Nxd4 Nxd4 12. Bxd4 Bc5 13. O-O-O O-O 14. Bxc5 Qxc5
15. Qh4 b5 16. Bd3 h6 17. Rhe1 b4 18. axb4 Qxb4 19. Re3 Rb8 20. Rg3 Nxe5 21.
Qxh6 Ng6 22. Qh5 Qxf4+ 23. Rd2 Qh6 24. Qxh6 gxh6 25. h4 Kh8 26. Bxg6 fxg6 27.
Rxg6 Kh7 28. h5 Bd7 29. b3 Rg8 30. Rxg8 Rxg8 31. Ne4 Kg7 32. Nc5 Bc8 33. Rf2
Rf8 34. Rxf8 Kxf8 35. Kd2 Ke7 36. Kc3 Kd6 37. Nd3 e5 38. Kb4 Bg4 39. c4 dxc4
40. bxc4 Bxh5 41. g3 Be2 42. Nc5 Bf1 43. Nxa6 e4 44. Kc3 e3 45. Nb4 Ke5 46.
Nd3+ Ke4 47. Ne1 Bh3 48. c5 Bd7 49. Kc2 Ba4+ 50. Kc3 Bc6 51. Kc2 Ba4+ 52. Kc3
Bb5 53. Kb4 Bc6 54. Kc3 h5 55. Kc2 Kd4 56. Kd1 Bb5 57. Nc2+ Kd3 58. Ne1+ Ke4
59. Kc2 Kf5 60. Ng2 e2 61. Kd2 Kg4 62. Nf4 Kf3 63. Ke1 Kxg3 64. Nxh5+ Kf3 65.
Nf6 Ba4 66. Nd5 Be8 67. Nc3 Bc6 68. Kd2 Bb5 69. Ke1 Bc6 70. Kd2 Bb5 71. Ke1
1/2-1/2

[Event "Xtracon GM"]
[Site "Borup"]
[Date "2010.09.10"]
[Round "6"]
[White "Wiecker, Stefan"]
[Black "Hoi, Carsten"]
[Result "0-1"]
[WhiteElo "2157"]
[BlackElo "2419"]
[PlyCount "36"]
[EventDate "2010.09.03"]
[EventType "swiss"]
[EventRounds "9"]
[EventCountry "DEN"]
[Source "ChessBase"]
[SourceDate "2010.10.29"]

1. e4 g6 2. Nc3 Bg7 3. d4 d6 4. Be3 c6 5. Qd2 b5 6. h4 h5 7. Nh3 Bxh3 8. Rxh3
Nf6 9. f3 Nbd7 10. Bd3 Qc7 11. a3 a6 12. Nd1 e5 13. c3 d5 14. Nf2 O-O 15. Kf1
dxe4 16. fxe4 Ng4 17. Nxg4 hxg4 18. Rh1 Nf6 0-1

[Event "Xtracon GM"]
[Site "Borup"]
[Date "2010.09.11"]
[Round "7"]
[White "Ambirk, Jan"]
[Black "Hubka, Roland"]
[Result "1-0"]
[WhiteElo "2136"]
[BlackElo "2048"]
[PlyCount "77"]
[EventDate "2010.09.03"]
[EventType "swiss"]
[EventRounds "9"]
[EventCountry "DEN"]
[Source "ChessBase"]
[SourceDate "2010.10.29"]

1. e4 e6 2. d4 d5 3. Nc3 dxe4 4. Nxe4 Nd7 5. Nf3 Ngf6 6. Bg5 Be7 7. Nxf6+ Bxf6
8. Qd2 Bxg5 9. Nxg5 h6 10. Nf3 Nf6 11. Bd3 O-O 12. O-O b6 13. Rfe1 Bb7 14. Ne5
Qd5 15. Nf3 Qd6 16. Ne5 Rad8 17. c3 c5 18. dxc5 Qd5 19. f3 Qxc5+ 20. Kh1 Rd5
21. Qe2 Rfd8 22. Rad1 Nd7 23. Nxd7 R8xd7 24. Bc2 Qc7 25. Rxd5 Rxd5 26. Rd1 Rh5
27. h3 g6 28. Rd4 Kg7 29. Qd1 Qg3 30. Be4 e5 31. Rc4 Rg5 32. Qd2 Ba6 33. Rc7
Bb5 34. c4 Be8 35. Re7 Kf8 36. Rxa7 Kg7 37. Ra8 Bd7 38. f4 exf4 39. Qd4+ 1-0

[Event "Xtracon GM"]
[Site "Borup"]
[Date "2010.09.11"]
[Round "7"]
[White "Andersen, Niels Erik"]
[Black "Jensen, Soren Holm"]
[Result "1-0"]
[WhiteElo "1955"]
[BlackElo "2024"]
[PlyCount "97"]
[EventDate "2010.09.03"]
[EventType "swiss"]
[EventRounds "9"]
[EventCountry "DEN"]
[Source "ChessBase"]
[SourceDate "2010.10.29"]

1. d4 d5 2. c4 e6 3. Nc3 Nf6 4. cxd5 exd5 5. Bg5 Be7 6. Qc2 O-O 7. e3 Nbd7 8.
Bd3 c6 9. Nf3 Re8 10. a3 a5 11. O-O Nf8 12. Nd2 g6 13. Nb3 Ne6 14. Bh4 Ng7 15.
Nc5 b5 16. Ne2 a4 17. Rac1 Nd7 18. Bxe7 Qxe7 19. Qd2 Nf6 20. Bb1 Qd6 21. Qb4
Nf5 22. Ng3 Nxg3 23. hxg3 Rd8 24. Rc3 Ne8 25. Nd3 Bb7 26. Rc5 f6 27. Rfc1 Qd7
28. R5c2 Qd6 29. Qd2 Kg7 30. Nb4 Rac8 31. Nd3 Qe7 32. Nc5 Nd6 33. Ba2 Re8 34.
Qb4 Nc4 35. Re2 Rb8 36. Rce1 f5 37. Bxc4 dxc4 38. e4 Qd6 39. Qc3 Kg8 40. e5 Qe7
41. g4 Rbd8 42. gxf5 gxf5 43. Re3 Bc8 44. Rg3+ Kf8 45. Qe3 Qh4 46. Rh3 f4 47.
Rf3 Kg8 48. Rxf4 Qh5 49. Ne4 1-0

[Event "Xtracon GM"]
[Site "Borup"]
[Date "2010.09.11"]
[Round "7"]
[White "Antonsen, Mikkel"]
[Black "Skytte, Rasmus"]
[Result "1/2-1/2"]
[WhiteElo "2471"]
[BlackElo "2400"]
[PlyCount "91"]
[EventDate "2010.09.03"]
[EventType "swiss"]
[EventRounds "9"]
[EventCountry "DEN"]
[Source "ChessBase"]
[SourceDate "2010.10.29"]

1. d4 Nf6 2. c4 c5 3. d5 b5 4. cxb5 a6 5. bxa6 g6 6. Nc3 Bxa6 7. g3 d6 8. Bg2
Bg7 9. Nf3 Nfd7 10. O-O Nb6 11. Nd2 N8d7 12. Qc2 O-O 13. Re1 c4 14. Nde4 Bb7
15. Rd1 Ra5 16. Bd2 Qa8 17. Bg5 Re8 18. Bxe7 Rxe7 19. Nxd6 Re5 20. e4 Bf8 21.
Nxb7 Qxb7 22. f4 Re8 23. e5 Nc5 24. b4 cxb3 25. axb3 Rxa1 26. Rxa1 Rc8 27. d6
Qb8 28. Ne4 Nbd7 29. Ra8 Qb6 30. Rxc8 Nxe4+ 31. Kf1 Nec5 32. Ra8 Nxb3 33. Ra2
Nd4 34. Qb2 Qc5 35. Ba8 Nb6 36. Be4 Qc4+ 37. Kg2 Na4 38. Rxa4 Qxa4 39. Qd2 Ne6
40. Bd5 Qd7 41. Bxe6 fxe6 42. h4 Kf7 43. Qc3 Bxd6 44. exd6 Qxd6 45. Kh2 h5 46.
Qb2 1/2-1/2

[Event "Xtracon GM"]
[Site "Borup"]
[Date "2010.09.11"]
[Round "7"]
[White "Baekgaard, Martin"]
[Black "Wiecker, Stefan"]
[Result "0-1"]
[WhiteElo "2276"]
[BlackElo "2157"]
[PlyCount "60"]
[EventDate "2010.09.03"]
[EventType "swiss"]
[EventRounds "9"]
[EventCountry "DEN"]
[Source "ChessBase"]
[SourceDate "2010.10.29"]

1. d4 Nf6 2. c4 g6 3. Nc3 Bg7 4. e4 d6 5. Be2 O-O 6. Nf3 e5 7. O-O Na6 8. Be3
Ng4 9. Bg5 Qe8 10. dxe5 dxe5 11. h3 f6 12. Bd2 Nh6 13. Rb1 Nf7 14. b4 c6 15.
Be3 Kh8 16. b5 Nc7 17. Qa4 Ne6 18. Rfd1 f5 19. bxc6 bxc6 20. Bf1 f4 21. Bc1 g5
22. Ba3 Rg8 23. Qa5 h5 24. Bd6 Nd4 25. Bc5 Nxf3+ 26. gxf3 g4 27. Qc7 Bf6 28.
Kh1 gxf3 29. Rd3 Ng5 30. Rd6 Ne6 0-1

[Event "Xtracon GM"]
[Site "Borup"]
[Date "2010.09.11"]
[Round "7"]
[White "Christensen, Henrik"]
[Black "Jorgensen, Morten"]
[Result "1-0"]
[WhiteElo "2014"]
[BlackElo "1785"]
[PlyCount "57"]
[EventDate "2010.09.03"]
[EventType "swiss"]
[EventRounds "9"]
[EventCountry "DEN"]
[Source "ChessBase"]
[SourceDate "2010.10.29"]

1. d4 d5 2. Nf3 Nf6 3. c4 e6 4. g3 Nbd7 5. Bg2 dxc4 6. O-O Be7 7. Qc2 O-O 8.
Qxc4 c6 9. Rd1 Qb6 10. Nc3 Qb4 11. Qd3 Nd5 12. a3 Qa5 13. e4 Nxc3 14. bxc3 Rd8
15. Bd2 b6 16. Qc4 Ba6 17. Qb3 Qb5 18. Qa2 Qh5 19. Be3 Rac8 20. c4 Bb7 21. Qb3
Rb8 22. Bf4 Rbc8 23. c5 Bxc5 24. dxc5 Qxc5 25. Bd6 Qa5 26. Be7 Nc5 27. Qe3 Re8
28. Bxc5 bxc5 29. Rd7 1-0

[Event "Xtracon GM"]
[Site "Borup"]
[Date "2010.09.11"]
[Round "7"]
[White "Christensen, John"]
[Black "Larsen, Bo Heine"]
[Result "1-0"]
[WhiteElo "2106"]
[BlackElo "1804"]
[PlyCount "59"]
[EventDate "2010.09.03"]
[EventType "swiss"]
[EventRounds "9"]
[EventCountry "DEN"]
[Source "ChessBase"]
[SourceDate "2010.10.29"]

1. Nf3 b6 2. e4 Bb7 3. Bc4 e6 4. Qe2 a6 5. Nc3 c5 6. a4 Nc6 7. O-O g6 8. d3 Bg7
9. Bg5 f6 10. Bh4 Nge7 11. Bg3 Nc8 12. Qe3 e5 13. Nd5 d6 14. c3 N8e7 15. b4 Bc8
16. Rfb1 Nxd5 17. Bxd5 Bd7 18. d4 Rb8 19. Qd3 exd4 20. Bxd6 dxc3 21. Bxb8 Nxb4
22. Rxb4 cxb4 23. Bd6 a5 24. Qc4 Qc8 25. Bc7 Ke7 26. Nd4 f5 27. exf5 gxf5 28.
Re1+ Kf6 29. Be5+ Kg6 30. Bf7+ 1-0

[Event "Xtracon GM"]
[Site "Borup"]
[Date "2010.09.11"]
[Round "7"]
[White "Christensen, Verner"]
[Black "Rostgaard, Tobias Valentin"]
[Result "0-1"]
[WhiteElo "1968"]
[BlackElo "2114"]
[PlyCount "56"]
[EventDate "2010.09.03"]
[EventType "swiss"]
[EventRounds "9"]
[EventCountry "DEN"]
[Source "ChessBase"]
[SourceDate "2010.10.29"]

1. e4 c6 2. Nc3 d5 3. Nf3 Bg4 4. h3 Bh5 5. exd5 cxd5 6. Bb5+ Nc6 7. g4 Bg6 8.
Ne5 Rc8 9. d4 e6 10. Bf4 Bd6 11. Nxg6 hxg6 12. Bxd6 Qxd6 13. Qd2 Nf6 14. O-O-O
a6 15. Ba4 b5 16. Bb3 Rb8 17. Qe2 Qf4+ 18. Qe3 Qxe3+ 19. fxe3 b4 20. Ne2 Ne4
21. Rdf1 Ke7 22. Rf3 Rh4 23. Nf4 Rbh8 24. Rhf1 Ng5 25. R3f2 Nd8 26. Re2 Ne4 27.
Rf3 g5 28. Nh5 g6 0-1

[Event "Xtracon GM"]
[Site "Borup"]
[Date "2010.09.11"]
[Round "7"]
[White "Drozdovskij, Yuri"]
[Black "Hoi, Carsten"]
[Result "1-0"]
[WhiteElo "2608"]
[BlackElo "2419"]
[PlyCount "53"]
[EventDate "2010.09.03"]
[EventType "swiss"]
[EventRounds "9"]
[EventCountry "DEN"]
[Source "ChessBase"]
[SourceDate "2010.10.29"]

1. d4 g6 2. c4 Bg7 3. Nf3 d6 4. g3 Bg4 5. Bg2 Nc6 6. d5 Ne5 7. Nxe5 Bxe5 8. Nc3
h5 9. h3 Bd7 10. e4 f5 11. exf5 gxf5 12. h4 Nf6 13. Ne2 Ne4 14. Nf4 c6 15. O-O
Kf7 16. Be3 Qg8 17. Qb3 Rb8 18. c5 cxd5 19. Qxd5+ Kf6 20. Qd1 Bc6 21. cxd6 Bxf4
22. Bxf4 e5 23. Bxe4 fxe4 24. Bg5+ Ke6 25. d7 Bxd7 26. f4 Bc6 27. fxe5 1-0